| 000 | 00710nam a22001937a 4500 | ||
|---|---|---|---|
| 003 | OSt | ||
| 005 | 20150408114204.0 | ||
| 008 | 140112s 2002jo a g |||| 00| 0 ara d | ||
| 040 | _ama-un | ||
| 082 |
_221 _a615.32 _bم س ع |
||
| 245 |
_aعلم العقاقير والنباتات الطبية / _cسحر ملص ، مصطفى أبو ارجيع |
||
| 260 |
_aالاردن ، عمان : _bدار اليازوري للنشر والتوزيع ، _c2002 |
||
| 300 |
_a323ص ؛ _c24 سم ، _eايض |
||
| 100 |
_aملص ، سحر _942260 |
||
| 650 |
_aعلم العقاقير _942261 |
||
| 650 | _aالنباتات الطبية | ||
| 700 |
_aأبو ارجيع ، مصطفى _eمراجع _942262 |
||
| 942 |
_2ddc _cBOOK |
||
| 999 |
_c33215 _d267715 |
||